Statystyki dla Musisz wskazać właściwe odpowiedzi.

Kliknij tutaj aby rozwiązać quiz!

Ogólne statystyki

  • Ten quiz został rozwiązany 511 razy
  • Średni wynik to 10 z 15

Statystyki odpowiedzi

ZagadnienieOdpowiedź% Poprawnych
Z kim kolega ignacy prowadzi program Mniej Więcej?Z Mandziem
96%
Czas na troche matematyki ile to 10*23230
94%
Jaki program prowadzi kolega kolegi ignacego Gimper?Lekko nie będzie
93%
Jak się nazywa kot kolegi ignacego?Maurycy
91%
Jaki jest najlepszy youtober?Kolega ignacy
81%
Jak się nazywa znany program rozrywkowy który nagrywał na swoim kanale ignacy?Milionerzy
77%
Jaka jest ulubiona pizza kolegi ignacego?Pepperoni
77%
Kto ma więcej subskrybcji.Gimper
76%
Który film na kanale mniej więcej ma więcej wyświetleń.?Spróbowaliśmy wszystkiego z Mc Donald
76%
Kto był gościem w programie Mniej Więcej w odcinku Wielkie mistrzostwa hot dogów?Gimper
75%
Jak się nazywał odcinek na kanale mniej więcej gdzie testowane były ostre sosy?Testujemy Ostre Sosy z Frizem
65%
Jakie chipsy wygrały na kanale mniej więcej w odcinku Wielkie mistrzostwa chipsów?Lay's
50%
Ile jest odcinków na kanale Mniej Więcej?153
26%
Jaki Majonez wygrał na kanale mniej więcej w odcinku Wielkie mistrzostwa MajonezówRoleski
20%
Ile jest filmów na kanale kolega strategacy?1148
17%

Rozkład punktacji

Percentyl według liczby udzielonych odpowiedzi

Procent ludzi z każdym wynikiem

Twoja historia wyników

Nie rozwiązałeś tego quizu